000 00407nam a2200181Ia 4500
001 7994
005 20260306160536.0
008 260306t2005||||xx |||||||||||||| ||spa||
041 _aESP
082 _a370
_bL12
100 _aChateau, Jean
_eAUT
245 0 _aLos grandes pedagogos
260 _c2005
300 _a340 páginas :
_c21 cm.
650 _aGEN
654 _aCED
942 _cLIB
_dJUS
_fJUS
_2ddc
_n
999 _c7994
_d7994